Phoenix Graeciae. : S. Basilivs Magnus Doctor Ecclesiae, Post Christvm, Et Apostolos Primvs Legislator, Facile Princeps, Et Illvstris Patriarcha Omnivm Monachorvm ; Dedicatus reverendissimo, et illvstrissimo Principi, ac Domino, D. Marquardo II. Episcopo Aystettensi, Vniversitatis Ingolstadianae Archi-Cancellario &c. Tomus Quintus /

Hlavní autor: Niseno, Diego, -1656
Další autoři: Freylinck, Johannes, 1594-1676, Basilius Caesariensis, 330-379
Jazyk: Latina
Vydáno: Excusum Francofvrti : Impendiis Iannis Godefridi Schönwetteri, 1655
Témata:
Fyzický popis: [14], 352, [64] s. ; 4°
Knihy
Uloženo v:
LEADER 01931nam a2200337 a 4500
001 mzk03001085465
003 CZ BrMZK
005 20110121114844.0
007 ta
008 100916s1655 gw fr|||||00| ||latod
040 |a BOA001  |b cze 
072 7 |a 094  |x Staré tisky  |2 Konspekt  |9 12 
080 |a (0.068)094  |2 MRF 
100 1 |a Niseno, Diego,  |d -1656  |7 mzk2009533144  |4 aut 
245 1 0 |a Phoenix Graeciae. :  |b S. Basilivs Magnus Doctor Ecclesiae, Post Christvm, Et Apostolos Primvs Legislator, Facile Princeps, Et Illvstris Patriarcha Omnivm Monachorvm ; Dedicatus reverendissimo, et illvstrissimo Principi, ac Domino, D. Marquardo II. Episcopo Aystettensi, Vniversitatis Ingolstadianae Archi-Cancellario &c.  |n Tomus Quintus /  |c Autore Reverendissimo Domino, et P. Didaco Nysseno Ord. Basiliani per Castellam Provinciali, Abbati Matritensi etc. Interprete R. P. F. Ioanne Freylinck Reimbacensi Ord. Praedicatorum SS. Theologiae Magistro. Cum variis Indicibus Thematum, quae hic Tomus stylo concionatorio exequitur, Scripturae. & Rerum memorabiliorum. Cum privilegio Caesareospeciali. Opus literatorum Ecclesiastarum usibus adornatum. 
260 |a Excusum Francofvrti :  |b Impendiis Iannis Godefridi Schönwetteri,  |c 1655 
300 |a [14], 352, [64] s. ;  |c 4° 
500 |a Výzdoba: Vlysy, iniciály, viněty, text tištěn dvousloupcově 
501 |a Přívazek 2 k: Vita Abrahae Et Politicus Coeli ... / Diego Niseno 
655 7 |a staré tisky  |7 fd422076  |2 czenas 
700 1 |a Freylinck, Johannes,  |d 1594-1676  |7 xx0091330  |4 trl 
700 0 |a Basilius Caesariensis,  |d 330-379  |4 ant 
903 |a RP 
910 |a BOA001  |b ST2-1257.097,3,přív.2 
978 |b Schönwetter, Johann Gottfried  |a Frankfurt a.M.  |c 1655 
984 |a Frankfurt nad Mohanem  |b Německo 
985 |a 1651-1700 
990 |a BK 
993 |a Y 
991 |k mzk 
994 |a UP  |l MZK03  |b 001085462  |m přívazek 2  |n záznam 1. díla (pro objednání pokračujte kliknutím)